[Event "Remote-ch Gr.B email"]
[Site "Remote email"]
[Date "2014.02.01"]
[Round "?"]
[White "Guelker, Lorenz"]
[Black "Helmund, Diana"]
[Result "0-1"]
[WhiteElo "2043"]
[BlackElo "1747"]
[PlyCount "26"]
[EventDate "2014.??.??"]
[EventType "tourn (corr)"]
[EventRounds "7"]
[EventCountry "GER"]
[SourceTitle "Corr 2015"]
[Source "ChessBase"]
[SourceDate "2015.07.17"]
[SourceVersion "1"]
[SourceVersionDate "2015.07.17"]
[SourceQuality "1"]

1. d4 Nf6 2. Nc3 d5 3. e3 e6 4. Nf3 Bd7 5. a3 c5 6. dxc5 Bxc5 7. Bd3 Qc7 8. 0-0 0-0 9. h3 Rd8 10. b4 Be7 11. Bb2 a5 12. Ne5 Qxe5 13. b5 Be8 0-1

[Event "Remote S5E No Engine email"]
[Site "Remote email"]
[Date "2014.01.28"]
[Round "?"]
[White "Helmund, Diana"]
[Black "Pirs, Matjaz"]
[Result "0-1"]
[WhiteElo "1747"]
[BlackElo "2506"]
[PlyCount "50"]
[EventDate "2014.??.??"]
[EventType "tourn (corr)"]
[EventRounds "6"]
[EventCountry "GER"]
[SourceTitle "Corr 2015"]
[Source "ChessBase"]
[SourceDate "2015.07.17"]
[SourceVersion "1"]
[SourceVersionDate "2015.07.17"]
[SourceQuality "1"]

1. d4 f5 2. Nf3 Nf6 3. Bg5 Ne4 4. Bh4 c6 5. e3 Qb6 6. Qc1 Rg8 7. Ng5 Nxg5 8. Bxg5 h6 9. Bf4 g5 10. Bxb8 Rxb8 11. Be2 g4 12. 0-0 d5 13. c4 e6 14. Rd1 h5 15. Qc2 h4 16. Nd2 Bd7 17. Rac1 Qd8 18. f3 gxf3 19. Nxf3 Bd6 20. Rf1 Qf6 21. c5 Bc7 22. Qc3 Ke7 23. Rf2 Qh6 24. Rd1 Rg7 25. Rd3 Bg3 0-1

[Event "Remote S5E No Engine email"]
[Site "Remote email"]
[Date "2014.01.28"]
[Round "?"]
[White "Tortoza, Carlos Alberto"]
[Black "Helmund, Diana"]
[Result "0-1"]
[WhiteElo "1633"]
[BlackElo "1747"]
[PlyCount "70"]
[EventDate "2014.??.??"]
[EventType "tourn (corr)"]
[EventRounds "6"]
[EventCountry "GER"]
[SourceTitle "Corr 2015"]
[Source "ChessBase"]
[SourceDate "2015.07.17"]
[SourceVersion "1"]
[SourceVersionDate "2015.07.17"]
[SourceQuality "1"]

1. e4 e6 2. d4 d5 3. e5 c5 4. Bb5+ Bd7 5. a4 cxd4 6. Qxd4 Ne7 7. Nf3 Nbc6 8. Qf4 Ng6 9. Qg3 Nb4 10. Bxd7+ Qxd7 11. 0-0 Nxc2 12. Ra2 Nb4 13. Ra3 Rc8 14. Bg5 Bc5 15. Nh4 Nc6 16. Nxg6 hxg6 17. Rd3 Nxe5 18. Qxe5 Bd6 19. Qxg7 Bxh2+ 20. Kh1 Be5+ 21. Qxh8+ Bxh8 22. Bh6 Bxb2 23. Nd2 Qxa4 24. Nf3 Qc4 25. Rfd1 a5 26. R3d2 Bf6 27. Bg5 Bxg5 28. Nxg5 b5 29. Nh7 Qh4+ 30. Kg1 Qxh7 31. Re1 Kd7 32. f3 Qh4 33. Rf1 a4 34. Rb2 Qd4+ 35. Rff2 Rc1+ 0-1

[Event "Remote 11er 0046 email"]
[Site "Remote email"]
[Date "2014.01.20"]
[Round "?"]
[White "Carlsen, Torben Erik"]
[Black "Helmund, Diana"]
[Result "1-0"]
[WhiteElo "2337"]
[BlackElo "1747"]
[PlyCount "29"]
[EventDate "2014.??.??"]
[EventType "tourn (corr)"]
[EventRounds "10"]
[EventCountry "GER"]
[SourceTitle "Corr 2015"]
[Source "ChessBase"]
[SourceDate "2015.07.17"]
[SourceVersion "1"]
[SourceVersionDate "2015.07.17"]
[SourceQuality "1"]

1. e4 e5 2. Nf3 Nf6 3. Nc3 Nc6 4. Bb5 Bb4 5. 0-0 0-0 6. d3 d6 7. Bg5 Bxc3 8. bxc3 h6 9. Bh4 Qe7 10. Re1 Bd7 11. d4 a6 12. Bd3 Bg4 13. d5 Nb8 14. h3 Bxf3 15. Qxf3 1-0

[Event "Remote S5E No Engine Pyramide email"]
[Site "Remote email"]
[Date "2014.01.05"]
[Round "?"]
[White "Langschmidt, Dirk"]
[Black "Helmund, Diana"]
[Result "0-1"]
[WhiteElo "1980"]
[BlackElo "1747"]
[PlyCount "42"]
[EventDate "2014.??.??"]
[EventType "tourn (corr)"]
[EventRounds "6"]
[EventCountry "GER"]
[SourceTitle "Corr 2015"]
[Source "ChessBase"]
[SourceDate "2015.07.17"]
[SourceVersion "1"]
[SourceVersionDate "2015.07.17"]
[SourceQuality "1"]

1. e4 e5 2. d4 exd4 3. Qxd4 Nc6 4. Qe3 b6 5. Nc3 Bd6 6. Bc4 Nf6 7. f4 Bc5 8. Qg3 0-0 9. Nge2 Nd4 10. Nxd4 Bxd4 11. Bd2 Bb7 12. e5 Bxc3 13. Qxc3 Bxg2 14. Rg1 Ne4 15. Qd4 Qh4+ 16. Kd1 Qxh2 17. Be3 d5 18. Bd3 c5 19. Qa4 d4 20. Bxe4 Bxe4 21. Rf1 dxe3 0-1

[Event "Remote S5E No Engine-254 email"]
[Site "Remote email"]
[Date "2013.12.18"]
[Round "?"]
[White "Helmund, Diana"]
[Black "Werner, Hansruedi"]
[Result "0-1"]
[WhiteElo "1747"]
[BlackElo "2058"]
[PlyCount "44"]
[EventDate "2013.??.??"]
[EventType "tourn (corr)"]
[EventRounds "4"]
[EventCountry "GER"]
[SourceTitle "Corr 2015"]
[Source "ChessBase"]
[SourceDate "2015.07.17"]
[SourceVersion "1"]
[SourceVersionDate "2015.07.17"]
[SourceQuality "1"]

1. c4 Nf6 2. b3 e5 3. e3 d6 4. h3 g6 5. d3 Bg7 6. Nf3 0-0 7. e4 Nbd7 8. Nc3 c6 9. Bd2 Re8 10. b4 a5 11. b5 Nc5 12. Bg5 h6 13. Be3 Ne6 14. bxc6 bxc6 15. Rc1 d5 16. Nxe5 d4 17. Nxc6 Qd6 18. Nxd4 Nxd4 19. Qd2 Ba6 20. Nd1 Nd7 21. Nc3 Ne5 22. Qd1 Nec6 0-1

[Event "Remote S5E No Engine-254 email"]
[Site "Remote email"]
[Date "2013.12.18"]
[Round "?"]
[White "Pirs, Matjaz"]
[Black "Helmund, Diana"]
[Result "1-0"]
[WhiteElo "2506"]
[BlackElo "1747"]
[PlyCount "63"]
[EventDate "2013.??.??"]
[EventType "tourn (corr)"]
[EventRounds "4"]
[EventCountry "GER"]
[SourceTitle "Corr 2015"]
[Source "ChessBase"]
[SourceDate "2015.07.17"]
[SourceVersion "1"]
[SourceVersionDate "2015.07.17"]
[SourceQuality "1"]

1. e4 c5 2. Nc3 d6 3. f4 g6 4. Nf3 Nc6 5. Bb5 a6 6. Bxc6+ bxc6 7. d3 Rb8 8. 0-0 Nh6 9. Qe1 Bg4 10. Nh4 Be6 11. f5 Bc8 12. Kh1 Bg7 13. Qg3 0-0 14. Nf3 Nxf5 15. exf5 Bxf5 16. Qf2 Qd7 17. h3 e5 18. Rb1 c4 19. dxc4 e4 20. Nd4 Bxh3 21. Nxe4 Qg4 22. Nf3 Qxe4 23. gxh3 Qxc4 24. b3 Qe4 25. Ba3 c5 26. Rbd1 Rbd8 27. c4 a5 28. Rd5 Qe7 29. Re1 Qc7 30. Bc1 Rfe8 31. Kg2 Re6 32. Bf4 1-0

[Event "Remote No Engine Nah2-11 email"]
[Site "Remote email"]
[Date "2013.12.10"]
[Round "?"]
[White "Galje, Hans"]
[Black "Helmund, Diana"]
[Result "1-0"]
[WhiteElo "2156"]
[BlackElo "2030"]
[PlyCount "65"]
[EventDate "2013.??.??"]
[EventType "tourn (corr)"]
[EventRounds "6"]
[EventCountry "GER"]
[SourceTitle "Corr 2015"]
[Source "ChessBase"]
[SourceDate "2015.07.17"]
[SourceVersion "1"]
[SourceVersionDate "2015.07.17"]
[SourceQuality "1"]

1. d4 Nf6 2. c4 c6 3. Nc3 d5 4. Nf3 e6 5. e3 c5 6. Bd3 Nc6 7. 0-0 Bd6 8. a3 dxc4 9. Bxc4 0-0 10. Qe2 cxd4 11. exd4 a6 12. Rd1 b5 13. Ba2 h6 14. Ne5 Qb6 15. Be3 b4 16. Nc4 Qb8 17. Nxd6 Qxd6 18. Na4 bxa3 19. bxa3 Nd5 20. Bxd5 exd5 21. Nb6 Rb8 22. Nxc8 Rfxc8 23. Qxa6 Ra8 24. Qd3 Ra4 25. Rdc1 Rca8 26. Rc5 Qe6 27. g3 Na5 28. Qb5 Nc4 29. Bf4 Rxa3 30. Rxa3 Rxa3 31. Rxd5 Ra1+ 32. Kg2 g5 33. Qxc4 1-0

[Event "Remote No Engine Nah2-11 email"]
[Site "Remote email"]
[Date "2013.12.10"]
[Round "?"]
[White "Helmund, Diana"]
[Black "Tortoza, Carlos Alberto"]
[Result "1-0"]
[WhiteElo "2030"]
[BlackElo "1563"]
[PlyCount "29"]
[EventDate "2013.??.??"]
[EventType "tourn (corr)"]
[EventRounds "6"]
[EventCountry "GER"]
[SourceTitle "Corr 2015"]
[Source "ChessBase"]
[SourceDate "2015.07.17"]
[SourceVersion "1"]
[SourceVersionDate "2015.07.17"]
[SourceQuality "1"]

1. c4 e5 2. e3 d5 3. d4 e4 4. cxd5 Qxd5 5. Nc3 Qf5 6. f3 Nf6 7. fxe4 Nxe4 8. Nxe4 Qxe4 9. a3 Bd6 10. Qf3 Qc2 11. e4 0-0 12. Bd3 Qa4 13. e5 Be7 14. Qe4 Nc6 15. Qxh7# 1-0

[Event "Remote S5E No Engine Pyramide email"]
[Site "Remote email"]
[Date "2013.12.08"]
[Round "?"]
[White "Helmund, Diana"]
[Black "Tortoza, Carlos Alberto"]
[Result "1-0"]
[WhiteElo "2030"]
[BlackElo "1563"]
[PlyCount "59"]
[EventDate "2013.??.??"]
[EventType "tourn (corr)"]
[EventRounds "6"]
[EventCountry "GER"]
[SourceTitle "Corr 2015"]
[Source "ChessBase"]
[SourceDate "2015.07.17"]
[SourceVersion "1"]
[SourceVersionDate "2015.07.17"]
[SourceQuality "1"]

1. c4 e5 2. g3 d5 3. cxd5 Qxd5 4. Nf3 e4 5. Nc3 Qc6 6. e3 exf3 7. Bb5 Qxb5 8. Nxb5 Bd6 9. Nxd6+ cxd6 10. d4 Bg4 11. h3 Bh5 12. e4 Nc6 13. d5 Nf6 14. dxc6 0-0 15. cxb7 Rab8 16. Qxd6 Rxb7 17. 0-0 Nxe4 18. Qd5 Re7 19. Qxh5 g6 20. Qxf3 f5 21. Qd3 Rff7 22. Qd8+ Kg7 23. Be3 Rf8 24. Qxe7+ Rf7 25. Bd4+ Kg8 26. Qe8+ Rf8 27. Qe6+ Rf7 28. Rfc1 h5 29. Qe8+ Rf8 30. Qxg6# 1-0

[Event "Remote S7E Easy-180 email"]
[Site "Remote email"]
[Date "2013.12.05"]
[Round "?"]
[White "Helmund, Diana"]
[Black "Galje, Hans"]
[Result "0-1"]
[WhiteElo "2030"]
[BlackElo "2156"]
[PlyCount "58"]
[EventDate "2013.??.??"]
[EventType "tourn (corr)"]
[EventRounds "6"]
[EventCountry "GER"]
[SourceTitle "Corr 2015"]
[Source "ChessBase"]
[SourceDate "2015.07.17"]
[SourceVersion "1"]
[SourceVersionDate "2015.07.17"]
[SourceQuality "1"]

1. c4 Nf6 2. d4 e6 3. Nf3 c5 4. e3 d5 5. Nc3 Be7 6. cxd5 Nxd5 7. Nxd5 Qxd5 8. Be2 Nc6 9. 0-0 0-0 10. a3 cxd4 11. exd4 Bf6 12. Qc2 Nxd4 13. Nxd4 Qxd4 14. Rd1 Qb6 15. Rd3 Rd8 16. Rxd8+ Qxd8 17. Be3 Bd7 18. Bf3 Rc8 19. Qd3 Bc6 20. Qxd8+ Rxd8 21. Bxc6 bxc6 22. Rb1 Bxb2 23. a4 a6 24. g3 Bc3 25. Rb3 Ba5 26. Rb7 Ra8 27. Bb6 Bxb6 28. Rxb6 c5 29. a5 Kf8 0-1

[Event "Remote email"]
[Site "Remote email"]
[Date "2013.12.02"]
[Round "?"]
[White "Helmund, Diana"]
[Black "Guelker, Lorenz"]
[Result "1-0"]
[WhiteElo "2030"]
[BlackElo "2121"]
[PlyCount "65"]
[EventDate "2013.??.??"]
[EventType "tourn (corr)"]
[EventRounds "6"]
[EventCountry "GER"]
[SourceTitle "Corr 2015"]
[Source "ChessBase"]
[SourceDate "2015.07.17"]
[SourceVersion "1"]
[SourceVersionDate "2015.07.17"]
[SourceQuality "1"]

1. c4 e5 2. e3 Nf6 3. d4 exd4 4. exd4 d5 5. Bg5 Be7 6. Nf3 0-0 7. Be2 h6 8. Be3 Nc6 9. 0-0 Be6 10. Ne5 Bd6 11. f4 dxc4 12. Nc3 Bd5 13. Nxd5 Nxd5 14. Bc1 Nxe5 15. dxe5 Bc5+ 16. Kh1 b5 17. Bf3 c6 18. a3 Rb8 19. Qe2 a6 20. Rd1 Re8 21. g3 Qd7 22. a4 Qe7 23. Bd2 f6 24. axb5 axb5 25. Bc3 Rbd8 26. Bh5 Rf8 27. e6 Rd6 28. f5 b4 29. Bd2 c3 30. bxc3 bxc3 31. Be1 Rb8 32. Bf3 Bd4 33. Rxd4 1-0

[Event "Remote email"]
[Site "Remote email"]
[Date "2013.11.23"]
[Round "?"]
[White "Pieleck, Rudolf"]
[Black "Helmund, Diana"]
[Result "0-1"]
[WhiteElo "1662"]
[BlackElo "2030"]
[PlyCount "80"]
[EventDate "2013.??.??"]
[EventType "tourn (corr)"]
[EventRounds "6"]
[EventCountry "GER"]
[SourceTitle "Corr 2015"]
[Source "ChessBase"]
[SourceDate "2015.07.17"]
[SourceVersion "1"]
[SourceVersionDate "2015.07.17"]
[SourceQuality "1"]

1. e4 e5 2. Nf3 Nf6 3. Nxe5 d6 4. Nf3 Nxe4 5. Qe2 Qe7 6. d3 Nf6 7. Qxe7+ Bxe7 8. Bg5 0-0 9. Be2 h6 10. Bd2 c5 11. 0-0 Be6 12. c4 Rd8 13. d4 d5 14. cxd5 Nxd5 15. dxc5 Bxc5 16. b4 Bxb4 17. Bxb4 Nxb4 18. Nc3 N8c6 19. Rad1 Nxa2 20. Nxa2 Bxa2 21. Ra1 Bd5 22. Rfe1 a5 23. Bb5 Bxf3 24. gxf3 Rd6 25. h3 b6 26. Ba4 Rg6+ 27. Kh2 Rd6 28. Rac1 Rc8 29. Bb5 Kh7 30. Red1 Rxd1 31. Rxd1 Rd8 32. Rc1 Nd4 33. Bd3+ f5 34. Kg3 a4 35. Kf4 b5 36. Ke5 Nxf3+ 37. Kxf5 Rxd3 38. Ke4 Rb3 39. Kf4 a3 40. Ra1 b4 0-1